Normal view
MARC view
- التوجيه التربوي-الإرشاد النفسي-الإرشاد الأكاديمي . الطلبة-علم النفس
Entry Topical Term
001 - CONTROL NUMBER
- control field: 29845
003 - CONTROL NUMBER IDENTIFIER
- control field: JO-AjAnu
005 - DATE AND TIME OF LATEST TRANSACTION
- control field: 20230606075036.0
008 - FIXED-LENGTH DATA ELEMENTS
- fixed length control field: 230606|| aca||aabn | a|a d
040 ## - CATALOGING SOURCE
- Original cataloging agency: JO-AjAnu
- Transcribing agency: JO-AjAnu
150 ## - HEADING--TOPICAL TERM
- Topical term or geographic name entry element: التوجيه التربوي-الإرشاد النفسي-الإرشاد الأكاديمي . الطلبة-علم النفس
670 ## - SOURCE DATA FOUND
- Source citation: Work cat.: (JO-AjAnu)15326: الخالدي،عطالله فؤاد مؤلف/العلمي،دلال سعد الدين م.مشارك, author 29844, الإرشاد المدرسي والجامعي:النظرية والتخطيط